[Event "1er Grand Prix de l'Essonne"]
[Site "Orsay"]
[Date "2009.02.14"]
[Round "1"]
[White "Maisuradze, Nino"]
[Black "Hindermann, Felix"]
[Result "0-1"]
[WhiteElo "2308"]
[BlackElo "2305"]
[PlyCount "102"]
[EventDate "2009.02.15"]
[EventType "tourn"]
[EventRounds "9"]
[EventCountry "FRA"]

1. d4 Nf6 2. c4 g6 3. Nc3 d5 4. Nf3 Bg7 5. Bg5 Ne4 6. Bh4 Nxc3 7. bxc3 dxc4 8.
Qa4+ Qd7 9. Qxc4 b6 10. e4 Ba6 11. Qd5 Qxd5 12. exd5 Bxf1 13. Kxf1 Nd7 14. a4
f6 15. Re1 Kf7 16. g4 Rac8 17. Re3 c6 18. dxc6 Rxc6 19. Ke2 Rhc8 20. Kd2 Rc4
21. Rhe1 Bf8 22. Ra1 Nb8 23. Kc2 Nc6 24. Kb2 Na5 25. g5 R4c6 26. Nd2 f5 27.
Rae1 Nc4+ 28. Nxc4 Rxc4 29. Kb3 e5 30. Rd1 Bg7 31. Red3 Ke6 32. f3 exd4 33.
cxd4 Kd5 34. Be1 Re8 35. Bc3 Re2 36. R1d2 Rxd2 37. Rxd2 Bxd4 38. Bb2 a5 39. Ba3
Rc3+ 40. Ka2 Rxf3 41. Bb2 Rf4 42. Kb3 Re4 43. Bc1 Re3+ 44. Ka2 Ke4 45. h4 f4
46. Rh2 Rf3 47. Rh1 Rf2+ 48. Kb3 f3 49. h5 Rg2 50. hxg6 hxg6 51. Rh4+ Ke5 0-1

[Event "1er Grand Prix de l'Essonne"]
[Site "Orsay"]
[Date "2009.02.14"]
[Round "1"]
[White "Rosenthal, Jonathan"]
[Black "Todorov, Todor"]
[Result "0-1"]
[WhiteElo "2240"]
[BlackElo "2507"]
[PlyCount "88"]
[EventDate "2009.02.15"]
[EventType "tourn"]
[EventRounds "9"]
[EventCountry "FRA"]

1. d4 g6 2. c4 Bg7 3. e4 d6 4. Nc3 Nf6 5. Be2 O-O 6. Nf3 e5 7. O-O exd4 8. Nxd4
Re8 9. f3 Nc6 10. Be3 Nh5 11. Nxc6 bxc6 12. Qd2 c5 13. Rad1 Bb7 14. Rfe1 Nf6
15. Bf1 Bc6 16. Rb1 a5 17. b3 Nd7 18. a3 Nf8 19. b4 axb4 20. axb4 Ra3 21. Rec1
cxb4 22. Rxb4 Ne6 23. Nb5 Ra8 24. Nd4 Nxd4 25. Bxd4 Bxd4+ 26. Qxd4 Bxe4 27. c5
Bxf3 28. cxd6 cxd6 29. Qf4 Bd5 30. Rd1 Re5 31. Rb5 Ra5 32. Rb2 Qg5 33. Qb4 Qe3+
34. Kh1 Qc5 35. Qd2 Kg7 36. Rc2 Qe3 37. Qb4 Rc5 38. Rcd2 Rf5 39. Bd3 Re5 40.
Bf1 Rh5 41. Re2 Qc3 42. Qf4 Qf6 43. Qd2 Rf5 44. Ree1 Rf2 0-1

[Event "1er Grand Prix de l'Essonne"]
[Site "Orsay"]
[Date "2009.02.14"]
[Round "1"]
[White "Debray, Christopher"]
[Black "David, Alberto"]
[Result "1/2-1/2"]
[WhiteElo "2349"]
[BlackElo "2602"]
[PlyCount "59"]
[EventDate "2009.02.15"]
[EventType "tourn"]
[EventRounds "9"]
[EventCountry "FRA"]

1. Nf3 d5 2. d4 Nf6 3. c4 e6 4. g3 dxc4 5. Qa4+ c6 6. Qxc4 b5 7. Qc2 Bb7 8. Bg2
Nbd7 9. Ne5 Nxe5 10. dxe5 Nd7 11. O-O Qb6 12. Be3 c5 13. Bxb7 Qxb7 14. Nc3 Nxe5
15. a4 b4 16. Qe4 Nc6 17. Nb1 Be7 18. Rc1 Rd8 19. Nd2 O-O 20. Nb3 Na5 21. Qxb7
Nxb7 22. a5 a6 23. Nxc5 Nxc5 24. Bxc5 Bxc5 25. Rxc5 Rd2 26. b3 Rb2 27. Rc6 Rxb3
28. Rxa6 Ra3 29. Rb1 b3 30. Rb6 1/2-1/2

[Event "1er Grand Prix de l'Essonne"]
[Site "Orsay"]
[Date "2009.02.14"]
[Round "1"]
[White "Guilleux, Fabien"]
[Black "Lavabre, Fabien"]
[Result "1-0"]
[WhiteElo "2303"]
[BlackElo "2252"]
[PlyCount "80"]
[EventDate "2009.02.15"]
[EventType "tourn"]
[EventRounds "9"]
[EventCountry "FRA"]

1. d4 Nf6 2. c4 g6 3. Nc3 d5 4. Bg5 Ne4 5. Bh4 Nxc3 6. bxc3 dxc4 7. e3 Be6 8.
Be2 Bg7 9. Nf3 c5 10. O-O O-O 11. Ng5 Bd5 12. e4 h6 13. exd5 hxg5 14. Bxg5 cxd4
15. Bxc4 b5 16. Bb3 a5 17. a4 bxa4 18. Rxa4 dxc3 19. Re4 Ra7 20. Rfe1 Bf6 21.
Bxf6 exf6 22. Qc1 f5 23. R4e3 a4 24. Ba2 Qf6 25. Rxc3 Re7 26. h3 Rfe8 27. Rxe7
Qxe7 28. Re3 Qd7 29. d6 Rxe3 30. Qxe3 Qxd6 31. Qe8+ Qf8 32. Qxa4 Qe7 33. Qa8
Qc7 34. g3 Kg7 35. Qd5 Nc6 36. Qc5 Qd7 37. Bd5 Ne5 38. f4 f6 39. fxe5 fxe5 40.
Qc6 1-0

[Event "1er Grand Prix de l'Essonne"]
[Site "Orsay"]
[Date "2009.02.14"]
[Round "1"]
[White "Song, Julien"]
[Black "Moussard, Jules"]
[Result "1-0"]
[WhiteElo "2271"]
[BlackElo "2274"]
[PlyCount "141"]
[EventDate "2009.02.15"]
[EventType "tourn"]
[EventRounds "9"]
[EventCountry "FRA"]

1. d4 d6 2. Nf3 g6 3. c4 Bg7 4. Nc3 Nd7 5. Bg5 c6 6. e3 Ngf6 7. Be2 O-O 8. Qc2
Qc7 9. O-O e5 10. dxe5 dxe5 11. Nd2 Nc5 12. b4 Ne6 13. Bxf6 Bxf6 14. c5 Be7 15.
a3 Rd8 16. Nc4 Ng7 17. Ne4 f5 18. Ned6 Be6 19. Rad1 e4 20. Qc3 b5 21. Na5 Rd7
22. Rd2 a6 23. Qe5 Rad8 24. Rfd1 h6 25. f3 Bd5 26. fxe4 fxe4 27. Nab7 Rb8 28.
Bg4 Bxd6 29. Nxd6 Re7 30. Qf4 h5 31. Bh3 Rf8 32. Qh6 Rf6 33. Qg5 Rxd6 34. cxd6
Qxd6 35. Rf1 Ne8 36. Rdf2 Kg7 37. g4 Bc4 38. Re1 hxg4 39. Bxg4 Nf6 40. Rd1 Bd5
41. Bf5 Nh7 42. Qg4 Re5 43. Rg2 Nf8 44. Bxe4 Qe7 45. Bxd5 cxd5 46. Qd4 Nd7 47.
Rf1 Nf6 48. Rgf2 Re6 49. Qc5 Qd7 50. Qc3 Qe7 51. Rf3 Qd6 52. Rc1 Re7 53. Kh1
Rf7 54. Rcf1 Qe6 55. Qd4 Rf8 56. R1f2 Rf7 57. Qf4 Rf8 58. Kg1 Rf7 59. Qg5 Rf8
60. Qf4 Rf7 61. h4 Qe7 62. h5 gxh5 63. Qg5+ Kh7 64. Qxh5+ Kg8 65. Qf5 Rg7+ 66.
Kf1 Qe4 67. Qxe4 Nxe4 68. Rf8+ Kh7 69. Rh2+ Kg6 70. Rg2+ Ng5 71. Rd8 1-0

[Event "1er Grand Prix de l'Essonne"]
[Site "Orsay"]
[Date "2009.02.15"]
[Round "2"]
[White "Hindermann, Felix"]
[Black "Moussard, Jules"]
[Result "0-1"]
[WhiteElo "2305"]
[BlackElo "2274"]
[PlyCount "102"]
[EventDate "2009.02.15"]
[EventType "tourn"]
[EventRounds "9"]
[EventCountry "FRA"]

1. b3 Nf6 2. Bb2 e6 3. e3 d5 4. f4 Bd6 5. Nf3 c5 6. Ne5 O-O 7. Bd3 Ne4 8. Bxe4
dxe4 9. Nc3 f5 10. Nb5 Be7 11. a4 Bh4+ 12. g3 Bf6 13. O-O b6 14. g4 fxg4 15.
Bc3 a6 16. Na3 Bxe5 17. Bxe5 h5 18. Qe1 Nc6 19. Nc4 Bb7 20. h3 b5 21. Nd6 Nxe5
22. fxe5 Qg5 23. Qg3 Bc6 24. axb5 axb5 25. Rxa8 Rxa8 26. h4 Qg6 27. Qf4 Kh7 28.
Kg2 Ra2 29. Qf8 Ra8 30. Qe7 Kg8 31. Kg3 c4 32. b4 Bd5 33. Rf2 Rb8 34. c3 Ra8
35. Rf4 Rb8 36. Rf1 Ra8 37. Nxb5 Qe8 38. Qxe8+ Rxe8 39. Ra1 Rf8 40. Nd6 g5 41.
Rh1 Kg7 42. b5 Kg6 43. b6 Rf3+ 44. Kg2 gxh4 45. Rxh4 Kg5 46. Rh1 h4 47. b7 h3+
48. Kh2 Rf2+ 49. Kg1 Rg2+ 50. Kf1 Bxb7 51. Nxb7 Rxd2 0-1

[Event "1er Grand Prix de l'Essonne"]
[Site "Orsay"]
[Date "2009.02.15"]
[Round "2"]
[White "Lavabre, Fabien"]
[Black "Song, Julien"]
[Result "0-1"]
[WhiteElo "2252"]
[BlackElo "2271"]
[PlyCount "122"]
[EventDate "2009.02.15"]
[EventType "tourn"]
[EventRounds "9"]
[EventCountry "FRA"]

1. e4 e6 2. d4 d5 3. Nc3 Nf6 4. Bg5 dxe4 5. Nxe4 Be7 6. Bxf6 Bxf6 7. Nf3 Nd7 8.
Qe2 O-O 9. O-O-O b6 10. Ne5 Bxe5 11. dxe5 Bb7 12. f4 Qe7 13. Qe3 Bxe4 14. Qxe4
Nc5 15. Qe3 a5 16. Be2 Rad8 17. Bf3 Rxd1+ 18. Rxd1 Rd8 19. Rxd8+ Qxd8 20. Qd2
Qe7 21. a3 h6 22. Bc6 g6 23. g3 Kg7 24. b4 axb4 25. axb4 Na6 26. c3 Nb8 27. Bb5
c6 28. Be2 c5 29. Bb5 cxb4 30. cxb4 Qa7 31. Kb2 Na6 32. Qd6 Nc7 33. Bc6 b5 34.
Be4 Qf2+ 35. Kb3 Qe3+ 36. Qd3 Qe1 37. Bb7 Qg1 38. Qc2 Nd5 39. Bxd5 exd5 40. Kc3
d4+ 41. Kb2 Qe1 42. Kb3 Qe3+ 43. Kb2 d3 44. Qc6 Qe2+ 45. Ka3 d2 46. Qf6+ Kg8
47. e6 Qd3+ 48. Ka2 Qc2+ 49. Ka3 Qa4+ 50. Kb2 Qxb4+ 51. Kc2 Qc4+ 52. Kxd2 Qxe6
53. Qxe6 fxe6 54. Kc3 e5 55. fxe5 Kf7 56. Kb4 Ke6 57. Kxb5 Kxe5 58. Kc5 g5 59.
Kc4 Ke4 60. g4 Kf3 61. h3 Kg3 0-1

[Event "1er Grand Prix de l'Essonne"]
[Site "Orsay"]
[Date "2009.02.15"]
[Round "2"]
[White "David, Alberto"]
[Black "Guilleux, Fabien"]
[Result "1/2-1/2"]
[WhiteElo "2602"]
[BlackElo "2303"]
[PlyCount "69"]
[EventDate "2009.02.15"]
[EventType "tourn"]
[EventRounds "9"]
[EventCountry "FRA"]

1. d4 Nf6 2. c4 g6 3. Nc3 d5 4. Bg5 Ne4 5. Bh4 Nxc3 6. bxc3 dxc4 7. e3 Be6 8.
Be2 Bg7 9. Nf3 Nd7 10. Ng5 Bd5 11. e4 h6 12. exd5 hxg5 13. Bxg5 Nb6 14. Bxc4
Nxc4 15. Qa4+ c6 16. Qxc4 Qxd5 17. Qxd5 cxd5 18. Kd2 Kd7 19. Rab1 b6 20. h4
Rac8 21. Rb3 Rc4 22. Ra3 a5 23. Rb1 a4 24. Rxb6 Ra8 25. Rb7+ Kc6 26. Rb1 Bf8
27. Rab3 axb3 28. axb3 Ra2+ 29. Kd3 Rxc3+ 30. Kxc3 Rxf2 31. Rg1 f6 32. Be3 Ra2
33. Bf4 Bg7 34. Re1 e5 35. dxe5 1/2-1/2

[Event "1er Grand Prix de l'Essonne"]
[Site "Orsay"]
[Date "2009.02.15"]
[Round "2"]
[White "Todorov, Todor"]
[Black "Debray, Christopher"]
[Result "1/2-1/2"]
[WhiteElo "2507"]
[BlackElo "2349"]
[PlyCount "201"]
[EventDate "2009.02.15"]
[EventType "tourn"]
[EventRounds "9"]
[EventCountry "FRA"]

1. g3 c5 2. Bg2 g6 3. e4 Bg7 4. Ne2 Nc6 5. c3 e5 6. Na3 Nge7 7. O-O O-O 8. d3
d6 9. Be3 f5 10. d4 cxd4 11. cxd4 fxe4 12. d5 Nb4 13. Nc3 Nf5 14. Qb3 Nxe3 15.
fxe3 Na6 16. Nxe4 b6 17. Rxf8+ Bxf8 18. Nc4 Bf5 19. Qa3 Nc5 20. Nxc5 bxc5 21.
e4 Bd7 22. Qe3 Bb5 23. b3 Qd7 24. Na3 a6 25. Bf1 Be7 26. Bc4 Rf8 27. Rf1 Rxf1+
28. Kxf1 Kg7 29. Kg2 h5 30. Qe2 Bxc4 31. Nxc4 h4 32. Ne3 hxg3 33. hxg3 Bg5 34.
Qg4 Qxg4 35. Nxg4 Kf7 36. Kf3 Ke7 37. Nh2 Bh6 38. Ke2 Bg5 39. Nf3 Bf6 40. Kd3
Kd7 41. Nd2 Bd8 42. a3 Bc7 43. Kc4 Bd8 44. b4 cxb4 45. axb4 Kc7 46. Kb3 Kd7 47.
b5 axb5 48. Kb4 Bb6 49. Kxb5 Bf2 50. g4 g5 51. Ka6 Kc7 52. Nc4 Bc5 53. Kb5 Bd4
54. Ka6 Bc5 55. Na5 Be3 56. Nc6 Bf2 57. Ne7 Kd7 58. Nf5 Kc7 59. Ng7 Be3 60. Kb5
Kb7 61. Ne6 Bd2 62. Nd8+ Kc7 63. Nf7 Bc1 64. Ka6 Be3 65. Nh6 Bf2 66. Nf5 Bc5
67. Ne7 Be3 68. Nc6 Bf2 69. Na7 Bc5 70. Nb5+ Kc8 71. Nc3 Kc7 72. Nb5+ Kc8 73.
Na7+ Kc7 74. Nc6 Bf2 75. Ne7 Kd7 76. Nf5 Kc7 77. Kb5 Bg1 78. Kc4 Bc5 79. Kd3
Ba3 80. Kc2 Bc5 81. Kd2 Bb4+ 82. Kd3 Ba3 83. Kc4 Bc5 84. Kb5 Bg1 85. Ng7 Be3
86. Ka6 Kc8 87. Ne6 Kb8 88. Kb5 Kb7 89. Nd8+ Kc7 90. Ne6+ Kb7 91. Ng7 Kc7 92.
Ka6 Kc8 93. Ka5 Kc7 94. Kb5 Bd2 95. Ne6+ Kb7 96. Nd8+ Kc7 97. Nc6 Be3 98. Na5
Bf4 99. Nc4 Bc1 100. Ka6 Bf4 101. Na3 1/2-1/2

[Event "1er Grand Prix de l'Essonne"]
[Site "Orsay"]
[Date "2009.02.15"]
[Round "2"]
[White "Maisuradze, Nino"]
[Black "Rosenthal, Jonathan"]
[Result "1/2-1/2"]
[WhiteElo "2308"]
[BlackElo "2240"]
[PlyCount "108"]
[EventDate "2009.02.15"]
[EventType "tourn"]
[EventRounds "9"]
[EventCountry "FRA"]

1. f4 d5 2. Nf3 Bg4 3. e3 Nf6 4. b3 e6 5. Bb2 Bd6 6. Be2 Bxf3 7. Bxf3 Nbd7 8.
d4 O-O 9. O-O c5 10. c3 Qe7 11. g3 Rfc8 12. a4 Rc7 13. Nd2 cxd4 14. exd4 Nb8
15. Re1 Qd8 16. Kg2 Nc6 17. Nf1 Ne7 18. Qd3 Nf5 19. Ne3 Nxe3+ 20. Rxe3 Qd7 21.
Rf1 Rac8 22. Qb5 Qd8 23. Rfe1 Rc6 24. a5 a6 25. Qa4 b5 26. axb6 Rxb6 27. Bc1
Qc7 28. Bd2 Qb8 29. b4 Rbc6 30. Ra1 Nd7 31. Be2 Nb6 32. Qxa6 Nc4 33. Bxc4 Rxa6
34. Bxa6 Re8 35. Bd3 f6 36. c4 dxc4 37. Bxc4 Bxb4 38. Rxe6 Rxe6 39. Bxe6+ Kf8
40. Be3 Bc3 41. Rd1 Qb2+ 42. Kf3 Qc2 43. Rc1 Qd3 44. Bf5 Qxf5 45. Rxc3 Qh5+ 46.
Kg2 Qe2+ 47. Bf2 Qe4+ 48. Kg1 Qb1+ 49. Kg2 Qe4+ 50. Kf1 Qb1+ 51. Kg2 Qb7+ 52.
Kg1 Qb1+ 53. Kg2 Qb7+ 54. Kg1 Qb1+ 1/2-1/2

[Event "1er Grand Prix de l'Essonne"]
[Site "Orsay"]
[Date "2009.02.16"]
[Round "3"]
[White "Rosenthal, Jonathan"]
[Black "Hindermann, Felix"]
[Result "0-1"]
[WhiteElo "2240"]
[BlackElo "2305"]
[PlyCount "68"]
[EventDate "2009.02.15"]
[EventType "tourn"]
[EventRounds "9"]
[EventCountry "FRA"]

1. d4 d5 2. c4 c6 3. Nc3 Nf6 4. Nf3 a6 5. c5 Nbd7 6. Bf4 Nh5 7. Bd2 Ndf6 8. Qc2
g6 9. h3 Qc7 10. g4 Ng7 11. O-O-O h5 12. g5 Ne4 13. Nxe4 Bf5 14. Nf6+ exf6 15.
Qc3 Be7 16. Nh4 fxg5 17. Nxf5 gxf5 18. f4 g4 19. hxg4 fxg4 20. e4 O-O-O 21. e5
f5 22. exf6 Bxf6 23. Bd3 h4 24. Bg6 g3 25. Rdg1 Qd7 26. f5 Rdf8 27. Qd3 Qd8 28.
Qe3 Qe7 29. Kc2 Qxe3 30. Bxe3 Bd8 31. Bf4 Nxf5 32. Bxf5+ Rxf5 33. Bxg3 Bf6 34.
Kd3 hxg3 0-1

[Event "1er Grand Prix de l'Essonne"]
[Site "Orsay"]
[Date "2009.02.16"]
[Round "3"]
[White "Debray, Christopher"]
[Black "Maisuradze, Nino"]
[Result "1-0"]
[WhiteElo "2349"]
[BlackElo "2308"]
[PlyCount "99"]
[EventDate "2009.02.15"]
[EventType "tourn"]
[EventRounds "9"]
[EventCountry "FRA"]

1. e4 c5 2. Nf3 Nc6 3. Nc3 g6 4. Bb5 Bg7 5. Bxc6 bxc6 6. O-O d6 7. a3 Rb8 8. b4
cxb4 9. axb4 a6 10. Ra4 Nh6 11. d4 O-O 12. Bf4 f5 13. Qd2 fxe4 14. Nxe4 Ng4 15.
Re1 Rb5 16. Ng3 Nf6 17. c4 Rb8 18. Ng5 e5 19. dxe5 dxe5 20. Qxd8 Rxd8 21. Bxe5
Re8 22. Nf3 Rb7 23. Rd1 Rbe7 24. Ra5 Rb7 25. Bc3 Rd7 26. Rc1 Red8 27. Raa1 Rd3
28. Rab1 Nd7 29. Bxg7 Kxg7 30. c5 Re8 31. Re1 Rxe1+ 32. Rxe1 Kf8 33. Ne4 a5 34.
bxa5 Ba6 35. h4 Rd5 36. Nfg5 Re5 37. Rd1 Re7 38. Rd6 h6 39. Ne6+ Kf7 40. Nc7
Bc8 41. a6 Nxc5 42. Rf6+ Kg7 43. a7 Nxe4 44. a8=Q Nxf6 45. Qxc8 g5 46. Ne6+ Kg6
47. Qxc6 gxh4 48. Nf4+ Kf5 49. f3 Rg7 50. Qe6+ 1-0

[Event "1er Grand Prix de l'Essonne"]
[Site "Orsay"]
[Date "2009.02.16"]
[Round "3"]
[White "Guilleux, Fabien"]
[Black "Todorov, Todor"]
[Result "0-1"]
[WhiteElo "2303"]
[BlackElo "2507"]
[PlyCount "170"]
[EventDate "2009.02.15"]
[EventType "tourn"]
[EventRounds "9"]
[EventCountry "FRA"]

1. d4 g6 2. c4 Bg7 3. Nf3 d6 4. Nc3 e5 5. dxe5 dxe5 6. Qxd8+ Kxd8 7. Bg5+ f6 8.
O-O-O+ Nd7 9. Bd2 b6 10. g3 c6 11. Ne4 Bf8 12. Bc3 Kc7 13. g4 Bg7 14. g5 h6 15.
Nd6 hxg5 16. Ne8+ Kd8 17. Nxg7 Ke7 18. Bg2 Rh7 19. Nxg5 fxg5 20. Bxc6 Rb8 21.
Ne6 Kxe6 22. Bd5+ Kf5 23. Bxg8 Rh4 24. Rd6 Nf6 25. Bf7 Rb7 26. Rc6 Rxf7 27.
Rxc8 Ne4 28. Be1 Nd6 29. Rc6 Rxc4+ 30. Rxc4 Nxc4 31. Rg1 Rh7 32. Rg2 g4 33. Bb4
a5 34. Bc3 Nd6 35. Bd2 Ne4 36. Be3 b5 37. f3 Nf6 38. Bd2 a4 39. fxg4+ Ke6 40.
Be1 Rh3 41. Kd2 Ne4+ 42. Kc2 Kd5 43. Bd2 Ke6 44. e3 Nf6 45. Kd3 Kd5 46. g5 Ne4
47. Bb4 Rh5 48. Be7 Rh7 49. Bb4 Rc7 50. a3 Rc1 51. Be7 Rc7 52. Bb4 Rf7 53. Rc2
Nf2+ 54. Ke2 Ke4 55. Rc5 Nd3 56. Rxb5 Rf2+ 57. Kd1 Nxb2+ 58. Ke1 Nd3+ 59. Kd1
Rxh2 60. Bd2 Rg2 61. Kc2 Nf2 62. Kc3 Nd1+ 63. Kc2 Nxe3+ 64. Kc3 Nd5+ 65. Kc2
Kd4 66. Kd1 e4 67. Rb8 e3 68. Ba5 Kd3 69. Kc1 Rg1+ 70. Kb2 Rxg5 71. Rd8 Re5 72.
Be1 e2 73. Rd6 g5 74. Bg3 Kc4 75. Rc6+ Kb5 76. Rc1 Nf4 77. Rg1 e1=Q 78. Bxe1
Nd3+ 79. Kc3 Nxe1 80. Rg4 Rc5+ 81. Kb2 Nd3+ 82. Kb1 Nf4 83. Rg1 Kc6 84. Ka2 Kd6
85. Rg3 Ke6 0-1

[Event "1er Grand Prix de l'Essonne"]
[Site "Orsay"]
[Date "2009.02.16"]
[Round "3"]
[White "Song, Julien"]
[Black "David, Alberto"]
[Result "0-1"]
[WhiteElo "2271"]
[BlackElo "2602"]
[PlyCount "78"]
[EventDate "2009.02.15"]
[EventType "tourn"]
[EventRounds "9"]
[EventCountry "FRA"]

1. d4 Nf6 2. c4 g6 3. Nc3 Bg7 4. Nf3 O-O 5. Bg5 d6 6. e3 c5 7. d5 e6 8. Nd2 h6
9. Bh4 Na6 10. Be2 Nc7 11. O-O g5 12. Bg3 exd5 13. cxd5 Nfxd5 14. Nxd5 Nxd5 15.
Nc4 Be6 16. Qc1 Nb4 17. Nxd6 Qf6 18. a3 Na2 19. Qxc5 Qxb2 20. Bf3 Qc3 21. Qxc3
Nxc3 22. Nxb7 g4 23. Bd1 Bc4 24. Re1 Ba6 25. Nd6 Nxd1 26. Raxd1 Bc3 27. Ne4
Bxe1 28. Nf6+ Kg7 29. Be5 Rfd8 30. Rxe1 Kg6 31. f4 gxf3 32. gxf3 Rd2 33. f4 Rc8
34. Ne4 Ra2 35. Nc3 Rxa3 36. Nd5 Rc2 37. Ne7+ Kh5 38. Nf5 Raa2 39. Ng3+ Kg4 0-1

[Event "1er Grand Prix de l'Essonne"]
[Site "Orsay"]
[Date "2009.02.16"]
[Round "3"]
[White "Moussard, Jules"]
[Black "Lavabre, Fabien"]
[Result "1/2-1/2"]
[WhiteElo "2274"]
[BlackElo "2252"]
[PlyCount "87"]
[EventDate "2009.02.15"]
[EventType "tourn"]
[EventRounds "9"]
[EventCountry "FRA"]

1. e4 c5 2. Nf3 d6 3. Nc3 a6 4. d4 cxd4 5. Nxd4 Nf6 6. Be3 Ng4 7. Bg5 h6 8. Bh4
g5 9. Bg3 Bg7 10. Be2 h5 11. Nf5 Bxc3+ 12. bxc3 Bxf5 13. exf5 Qa5 14. O-O Qxf5
15. Re1 Rh6 16. Rb1 Nc6 17. Bf3 Re6 18. Rxb7 Rc8 19. Rxe6 Qxe6 20. h3 Nf6 21.
Bxh5 Ne4 22. Qe2 Nd8 23. Rb3 Kf8 24. Bg4 f5 25. Qf3 Rc5 26. Rb8 Ke8 27. Bh5+
Kd7 28. Qe2 Qc4 29. h4 Qxe2 30. Bxe2 Nxc3 31. Bxa6 f4 32. Bh2 Ra5 33. Bc4 gxh4
34. Rb3 Nxa2 35. Bxf4 Rc5 36. Bd3 Nc3 37. Be3 Rc7 38. Bg5 Nf7 39. Bxh4 Ne5 40.
Kh2 Nxd3 41. cxd3 e5 42. Kh3 Ke6 43. Bg5 Kf5 44. Be3 1/2-1/2

[Event "1er Grand Prix de l'Essonne"]
[Site "Orsay"]
[Date "2009.02.17"]
[Round "4"]
[White "Hindermann, Felix"]
[Black "Lavabre, Fabien"]
[Result "1/2-1/2"]
[WhiteElo "2305"]
[BlackElo "2252"]
[PlyCount "56"]
[EventDate "2009.02.15"]
[EventType "tourn"]
[EventRounds "9"]
[EventCountry "FRA"]

1. e4 c5 2. c3 g6 3. d4 cxd4 4. cxd4 d5 5. Nc3 dxe4 6. Bc4 Nf6 7. Qb3 e6 8. d5
Qb6 9. dxe6 Bxe6 10. Qxb6 axb6 11. Bxe6 fxe6 12. Nge2 Nbd7 13. O-O Nc5 14. Ng3
Bg7 15. Be3 O-O 16. Rad1 Rfd8 17. Rxd8+ Rxd8 18. b4 Rd3 19. Rc1 Ng4 20. bxc5
Nxe3 21. Ncxe4 Nd5 22. cxb6 Nxb6 23. Rb1 Bd4 24. Ng5 Rd2 25. N3e4 Rxa2 26. Nxe6
Re2 27. Nxd4 Rxe4 28. f3 Rxd4 1/2-1/2

[Event "1er Grand Prix de l'Essonne"]
[Site "Orsay"]
[Date "2009.02.17"]
[Round "4"]
[White "David, Alberto"]
[Black "Moussard, Jules"]
[Result "1-0"]
[WhiteElo "2602"]
[BlackElo "2274"]
[PlyCount "71"]
[EventDate "2009.02.15"]
[EventType "tourn"]
[EventRounds "9"]
[EventCountry "FRA"]

1. e4 c5 2. Nf3 d6 3. Bb5+ Nc6 4. O-O Bd7 5. Re1 a6 6. Bxc6 Bxc6 7. d4 cxd4 8.
Nxd4 e5 9. Nxc6 bxc6 10. c4 Nf6 11. c5 dxc5 12. Qc2 Be7 13. Nc3 O-O 14. Na4 Qa5
15. Be3 Nd7 16. b3 Rfd8 17. h3 Nf8 18. Nxc5 Bxc5 19. Qxc5 Qxc5 20. Bxc5 Ne6 21.
Rec1 a5 22. Be3 a4 23. b4 Rd6 24. Rc4 f6 25. Rac1 Ra6 26. Kf1 Kf7 27. Ke2 Nc7
28. f4 Nb5 29. fxe5 fxe5 30. Rc5 Ke6 31. Bf2 Nd4+ 32. Ke1 Rb6 33. R1c4 Kf6 34.
Bxd4 Rxd4 35. Rxd4 exd4 36. a3 1-0

[Event "1er Grand Prix de l'Essonne"]
[Site "Orsay"]
[Date "2009.02.17"]
[Round "4"]
[White "Todorov, Todor"]
[Black "Song, Julien"]
[Result "0-1"]
[WhiteElo "2507"]
[BlackElo "2271"]
[PlyCount "286"]
[EventDate "2009.02.15"]
[EventType "tourn"]
[EventRounds "9"]
[EventCountry "FRA"]

1. c4 e6 2. Nc3 d5 3. cxd5 exd5 4. d4 Nf6 5. Bg5 c6 6. Qc2 Be7 7. e3 O-O 8. Bd3
Nbd7 9. Nge2 Re8 10. O-O-O a5 11. Ng3 Nf8 12. Kb1 a4 13. Nxa4 Qa5 14. b3 h6 15.
Bxf6 Bxf6 16. Nf5 Qb4 17. Nc3 g6 18. Ng3 Be6 19. Nge2 c5 20. Qd2 Qb6 21. dxc5
Qxc5 22. Nb5 Qb6 23. Nbd4 Ra5 24. Qb2 Rea8 25. Rd2 Nd7 26. a4 Nc5 27. Bc2 Qb4
28. Rhd1 b5 29. Nc6 Bxb2 30. Nxb4 Bg7 31. Nc6 R5a6 32. Nb4 bxa4 33. Nxa6 axb3
34. Nd4 bxc2+ 35. Rxc2 Nxa6 36. Ra2 Rb8+ 37. Rb2 Rc8 38. Rc2 Rb8+ 39. Rb2 Rxb2+
40. Kxb2 Nc7 41. Kb3 Bxd4 42. Rxd4 Nb5 43. Rd1 Nd6 44. Kc2 Kg7 45. Ra1 h5 46.
Kd3 Kf6 47. Ra8 Ke5 48. Rb8 Bf5+ 49. Ke2 Be4 50. f3 Bf5 51. Kf2 Be6 52. Rb4 Nc4
53. Rb8 Kd6 54. Rb7 Kc6 55. Rb8 Nd6 56. Ra8 Nc4 57. Rb8 Nb6 58. Rh8 Nd7 59. Kg3
Kd6 60. Kf4 Ke7 61. Ra8 Kf6 62. h4 Ne5 63. Ra7 Nd3+ 64. Kg3 Kf5 65. Ra5 Kf6 66.
Ra7 Ke5 67. Ra3 Nb2 68. Kf2 Nc4 69. Ra8 Nd6 70. Ra4 Bd7 71. Ra7 Ke6 72. Ra6 Bb5
73. Ra5 Bc4 74. Ra4 Ke5 75. Ra7 Bb5 76. Re7+ Kf6 77. Rc7 Ke6 78. Rc5 Bd7 79.
Ra5 Nf5 80. Ra6+ Ke7 81. Ra5 Be6 82. Ra4 Nd6 83. Ra6 Bd7 84. Ra5 Ke6 85. Ra6
Bb5 86. Ra5 Bc4 87. Ra4 Kd7 88. Ra7+ Ke6 89. Ra4 Bd3 90. Ra3 Bf5 91. Ra6 Ke5
92. Ra5 Nc4 93. Ra7 Be6 94. Ra6 Kf6 95. Ra7 Nd6 96. Ra6 Nf5 97. Ra4 Ke5 98. e4
dxe4 99. Rxe4+ Kd6 100. Ra4 Bd5 101. Rb4 Kc5 102. Rf4 Bc4 103. Re4 Kd5 104. Rf4
Bd3 105. Kg1 Nd6 106. Kf2 Bc4 107. g3 Ke5 108. Ke3 Bd5 109. Ra4 Nf5+ 110. Kf2
Nd4 111. f4+ Ke4 112. Rb4 Be6 113. Ra4 Kd5 114. Ke3 Nc6 115. Kf2 Ne7 116. Ke3
Nf5+ 117. Kf2 Kd6 118. Ra5 Ke7 119. Rc5 Kf6 120. Kf3 Ne7 121. Ra5 Bd5+ 122. Kf2
Kf5 123. Ra7 Ng8 124. Ra5 Nf6 125. Kg1 Kg4 126. Kh2 Be6 127. Kg2 Ne4 128. Ra3
Nd6 129. Rc3 Nf5 130. Rc5 Bd5+ 131. Kh2 Bf3 132. Rc1 Be2 133. Rc3 Bf3 134. Rc1
Bd5 135. Rc5 Ne3 136. Rc1 Kf3 137. Rc5 Be6 138. Rc1 Kf2 139. Rc5 Nf1+ 140. Kh1
Nxg3+ 141. Kh2 Nf1+ 142. Kh1 Bf5 143. Re5 Be4+ 0-1

[Event "1er Grand Prix de l'Essonne"]
[Site "Orsay"]
[Date "2009.02.17"]
[Round "4"]
[White "Maisuradze, Nino"]
[Black "Guilleux, Fabien"]
[Result "1-0"]
[WhiteElo "2308"]
[BlackElo "2303"]
[PlyCount "123"]
[EventDate "2009.02.15"]
[EventType "tourn"]
[EventRounds "9"]
[EventCountry "FRA"]

1. d4 Nf6 2. c4 g6 3. Nc3 d5 4. Nf3 Bg7 5. Bg5 Ne4 6. Bh4 Nxc3 7. bxc3 dxc4 8.
Qa4+ Qd7 9. Qxc4 b6 10. e3 Ba6 11. Qb3 Bxf1 12. Kxf1 O-O 13. Ke2 c5 14. Rhd1
Qc7 15. Bg3 Qb7 16. Kf1 Nd7 17. a4 e6 18. Kg1 Rac8 19. Rab1 a6 20. Bd6 Rfd8 21.
dxc5 Nxc5 22. Bxc5 Rxd1+ 23. Qxd1 Rxc5 24. Qd8+ Bf8 25. Rxb6 Rxc3 26. h4 Qa7
27. a5 Rc5 28. Nd4 Rd5 29. Qe8 Rxa5 30. Rb8 Ra1+ 31. Kh2 Qc5 32. Rb7 Qe5+ 33.
f4 Qf6 34. Nf3 Rd1 35. Rb8 Qg7 36. Ne5 g5 37. hxg5 h6 38. Ng4 hxg5 39. fxg5 Kh7
40. Qxf8 Qxf8 41. Rxf8 Kg7 42. Ra8 Rd5 43. Rxa6 Rxg5 44. Nf2 Re5 45. Ra3 Kg6
46. Nd3 Re4 47. Kg1 Kg7 48. Kf2 Rg4 49. Ra7 Rg5 50. Nf4 Kf6 51. Kf3 Rb5 52. g4
Rc5 53. Ra8 Kg7 54. Nh5+ Kh7 55. Kf4 f5 56. Ng3 Rc4+ 57. e4 fxe4 58. Nxe4 Kg6
59. Ra6 Kf7 60. Ra7+ Kf8 61. g5 Rb4 62. g6 1-0

[Event "1er Grand Prix de l'Essonne"]
[Site "Orsay"]
[Date "2009.02.17"]
[Round "4"]
[White "Rosenthal, Jonathan"]
[Black "Debray, Christopher"]
[Result "0-1"]
[WhiteElo "2240"]
[BlackElo "2349"]
[PlyCount "38"]
[EventDate "2009.02.15"]
[EventType "tourn"]
[EventRounds "9"]
[EventCountry "FRA"]

1. d4 Nf6 2. c4 e6 3. Nc3 Bb4 4. a3 Bxc3+ 5. bxc3 b6 6. f3 Nc6 7. e4 Ba6 8. Bg5
h6 9. Bh4 g5 10. Bf2 Na5 11. Qa4 Nh5 12. Nh3 O-O 13. g4 Ng7 14. Be3 f5 15. gxf5
exf5 16. Be2 fxe4 17. fxe4 Qe8 18. e5 d6 19. Qc2 Bxc4 0-1